| 000 | 01036cam a22002531 4500 | ||
|---|---|---|---|
| 001 | gs 18000168 | ||
| 003 | DLC | ||
| 005 | 20260227111322.0 | ||
| 008 | 780309s1917 oncbf b f001 0 eng c | ||
| 010 | _ags 18000168 | ||
| 035 | _a(OCoLC)3700733 | ||
| 040 |
_aU.S. Geol. Survey. Libr. _cGU _dGU _dOCoLC _dDLC |
||
| 042 | _apremarc | ||
| 050 | 0 | 0 |
_aTN404.C3 _bA5 1917 |
| 110 | 1 |
_aCanada. _bMines Branch (1901-1936) |
|
| 245 | 1 | 0 |
_aIron ore occurrences in Canada, _bin two volumes, _ccomp. by E. Lindeman ... and L.L. Bolton ... Introductory by A.H.A. Robinson ... |
| 260 |
_aOttawa, _bGovernment Printing Bureau, _c1917. |
||
| 300 |
_a2 v. _bXXIII pl. (v. 1) fold. map (in pocket, v. 1) _eand 2 portfolios of maps. _c25 cm. |
||
| 500 | _aAt head of title: Canada. Department of Mines. Mines Branch. | ||
| 505 | 0 | _av. 1. Descriptions of principal iron ore mines.--v. 2. Descriptions of iron ore occurrences. | |
| 650 | 0 |
_aIron ores _zCanada. |
|
| 700 | 1 | _aLindeman, Einar. | |
| 700 | 1 |
_aBolton, Launcelot Lawrence, _d1881- _ejoint author. |
|
| 999 |
_c25836 _d25836 |
||